<?xml version="1.0" encoding="UTF-8"?>
<record
    xmlns:xsi="http://www.w3.org/2001/XMLSchema-instance"
    xsi:schemaLocation="http://www.loc.gov/MARC21/slim http://www.loc.gov/standards/marcxml/schema/MARC21slim.xsd"
    xmlns="http://www.loc.gov/MARC21/slim">

  <leader>02386nab a2200289uuc4500</leader>
  <controlfield tag="001">1344472</controlfield>
  <controlfield tag="005">20240202113337.0</controlfield>
  <controlfield tag="008">130925e20130805                    por  </controlfield>
  <datafield tag="035" ind1=" " ind2=" ">
    <subfield code="a">1344472</subfield>
  </datafield>
  <datafield tag="040" ind1=" " ind2=" ">
    <subfield code="c">comduadb</subfield>
  </datafield>
  <datafield tag="041" ind1=" " ind2=" ">
    <subfield code="a">por</subfield>
  </datafield>
  <datafield tag="100" ind1="1" ind2="0">
    <subfield code="a">Santos, In&#xE1; da Silva dos</subfield>
    <subfield code="4">aut</subfield>
    <subfield code="e">aut</subfield>
    <subfield code="9">698788</subfield>
  </datafield>
  <datafield tag="245" ind1="1" ind2="0">
    <subfield code="a">Sensibilidade e especificidade do Patient Health Questionnaire-9 (PHQ-9) entre adultos da popula&#xE7;&#xE3;o geral</subfield>
  </datafield>
  <datafield tag="520" ind1="3" ind2=" ">
    <subfield code="a">Con el objetivo de evaluar la validez del Cuestionario de Salud del Paciente-9 (PHQ-9) en la detecci&#xF3;n de un episodio depresivo mayor en la poblaci&#xF3;n general, se llev&#xF3; a cabo un estudio de base poblacional en la ciudad de Pelotas, Rio Grande do Sul, Brasil. Los hogares se seleccionaron al azar a trav&#xE9;s de muestreo multiet&#xE1;pico, siendo solo invitados a participar los adultos (&gt; 20 a&#xF1;os). El padr&#xF3;n de primer orden fue la Mini Entrevista Neuropsiqui&#xE1;trica Internacional (MINI), aplicada por psiquiatras y psic&#xF3;logos. Ambos instrumentos fueron aplicados en la casa del participante. De un total de 447 participantes (191 hombres y 256 mujeres), el an&#xE1;lisis continuo mostr&#xF3; un punto de corte &gt; 9 como el de m&#xE1;xima sensibilidad (77,5%; 61,5-89,2) y especificidad (86,7%; 83,0-89,9) para la identificaci&#xF3;n de un episodio depresivo mayor. Al utilizar el algoritmo del test, la sensibilidad disminuy&#xF3; a un 42,5% (27,0-59,1), mientras que la especificidad aumento a un 95,3% (92,8-97,2). El PHQ-9 mostr&#xF3; ser adecuado para el cribado de un episodio depresivo mayor. Debido a la sensibilidad m&#xE1;s alta, el PHQ-9 marcado como una variable continua fue m&#xE1;s adecuado que el algoritmo para la detecci&#xF3;n de episodio depresivo mayor en la comunidad.</subfield>
  </datafield>
  <datafield tag="650" ind1=" " ind2=" ">
    <subfield code="a">Sensibilidad y especificidad</subfield>
    <subfield code="9">144899</subfield>
  </datafield>
  <datafield tag="650" ind1=" " ind2=" ">
    <subfield code="a">V&#xE1;lidez de las pruebas</subfield>
    <subfield code="9">201029</subfield>
  </datafield>
  <datafield tag="650" ind1=" " ind2=" ">
    <subfield code="a">Cuestionarios</subfield>
    <subfield code="9">22648</subfield>
  </datafield>
  <datafield tag="700" ind1="1" ind2="0">
    <subfield code="a">Tavares, Beatriz Franck</subfield>
    <subfield code="4">aut</subfield>
    <subfield code="e">aut</subfield>
    <subfield code="9">649969</subfield>
  </datafield>
  <datafield tag="700" ind1="1" ind2="0">
    <subfield code="a">Munhoz, Tiago N.</subfield>
    <subfield code="4">aut</subfield>
    <subfield code="e">aut</subfield>
    <subfield code="9">649970</subfield>
  </datafield>
  <datafield tag="700" ind1="1" ind2="0">
    <subfield code="a">Almeida, Laura Sigaran Pio de</subfield>
    <subfield code="4">aut</subfield>
    <subfield code="e">aut</subfield>
    <subfield code="9">663646</subfield>
  </datafield>
  <datafield tag="700" ind1="1" ind2="0">
    <subfield code="a">Silva, Nath&#xE1;lia Tessele Barreto da</subfield>
    <subfield code="4">aut</subfield>
    <subfield code="e">aut</subfield>
    <subfield code="9">663647</subfield>
  </datafield>
  <datafield tag="700" ind1="1" ind2="0">
    <subfield code="a">Tams, Bernardo Dias</subfield>
    <subfield code="4">aut</subfield>
    <subfield code="e">aut</subfield>
    <subfield code="9">649971</subfield>
  </datafield>
  <datafield tag="700" ind1="1" ind2="0">
    <subfield code="a">Patella, Andr&#xE9; Machado</subfield>
    <subfield code="4">aut</subfield>
    <subfield code="e">aut</subfield>
    <subfield code="9">649972</subfield>
  </datafield>
  <datafield tag="700" ind1="1" ind2="0">
    <subfield code="a">Matijasevich, Alicia</subfield>
    <subfield code="4">aut</subfield>
    <subfield code="e">aut</subfield>
    <subfield code="9">666918</subfield>
  </datafield>
  <datafield tag="773" ind1="0" ind2=" ">
    <subfield code="t">Cadernos de Sa&#xFA;de P&#xFA;blica (Rio de Janeiro)</subfield>
    <subfield code="g">Vol. 29, No. 08, Ago. 2013, p. 1533-1543</subfield>
    <subfield code="w">321065</subfield>
    <subfield code="z">0102311X</subfield>
    <subfield code="0">104727</subfield>
  </datafield>
  <datafield tag="942" ind1=" " ind2=" ">
    <subfield code="c">ARIMP</subfield>
  </datafield>
  <datafield tag="999" ind1=" " ind2=" ">
    <subfield code="c">665112</subfield>
    <subfield code="d">665112</subfield>
  </datafield>
</record>
